10 footballeurs les plus rapides du monde en 2021 - Statistiques

Statistiques générales
  • Ce quiz a été pris 9 329 fois
  • Le résultat moyen est 4 sur 10
Statistiques - réponses
km/h Joueurs % Correct
38 Kylian Mbappé
99%
38,6 Cristiano Ronaldo
79%
36,04 Erling Haaland
44%
36,51 Alphonso Davies
41%
36,21 Adama Traoré
39%
36,9 Gareth Bale
37%
36,47 Achraf Hakimi
34%
37,08 Arjen Robben
12%
35,71 Inaki Williams
3%
36 Orlando Berrio
0%
Aucun quiz correspondant
Distribution des résultats
% des personnes avec chaque résultat
Percentile par nombre de réponses
Votre historique - résultats
Vous n’avez pas pris ce quiz